| 000 | 01941nam a2200385 i 4500 | ||
|---|---|---|---|
| 001 | nkc20243632884 | ||
| 003 | CZ PrSKC | ||
| 005 | 20260417093356.0 | ||
| 007 | ta | ||
| 008 | 240923s2024 xr a b 000 j cze | ||
| 020 |
_a9788025369104 _cKč 229,00 |
||
| 040 |
_aABG001 _bcze _erda |
||
| 072 | 7 |
_a821.162.3-3 _xČeská próza _2Konspekt |
|
| 072 | 7 |
_a821-93 _xLiteratura pro děti a mládež (beletrie) _2Konspekt |
|
| 080 |
_a821.162.3-32 _2MRF |
||
| 080 |
_a821-93 _2MRF |
||
| 080 |
_a(0:82-32) _2MRF |
||
| 100 | 1 |
_aFrancová, Veronika, _d1997- _4aut _917743 |
|
| 245 | 1 | 0 |
_aNalezená srnčata / _cVeronika Francová ; ilustrovala Zuzana Slánská |
| 250 | _a2. vydání | ||
| 264 | 1 |
_aV Praze : _bFragment, _c2024 |
|
| 300 |
_a119 stran : _bilustrace ; _c20 cm |
||
| 490 | 1 | _aNové příběhy se šťastným koncem | |
| 500 | _aObálkový podnázev: skutečné příběhy z naší přírody | ||
| 500 | _aPod názvem: Český svaz ochránců přírody | ||
| 520 | 2 |
_aMarkétka a její kamarád z Německa najdou v lese opuštěná srnčata. Chtějí jim pomoci, ale jejich snaha může mláďátkům uškodit. _bMarkétka a její rodina mají návštěvu z Německa. Christian přijel na výměnný pobyt a Markétka si přeje, aby si to u nich co nejvíce užil. Vezme ho proto do lesa, aby mu ukázala tajné místo, kde schovává krabičku s poklady. Když její fenka Táňa začne vzrušeně štěkat, utíkají za ní a v trávě najdou dvě malá srnčata. Vypadají opuštěně, a tak se je rozhodnou odnést domů. Brzy ale zjistí, že to nebyl dobrý nápad. Podaří se jim vrátit mláďata k mamince? Nakladatelská anotace. |
|
| 655 | 7 | _ačeské příběhy | |
| 655 | 7 | _apublikace pro děti | |
| 655 | 9 | _aCzech stories | |
| 655 | 9 | _achildren's literature | |
| 700 | 1 |
_aSlánská, Zuzana _4ill _99742 |
|
| 710 | 2 |
_aČeský svaz ochránců přírody _4isb _917744 |
|
| 910 | _aABG508 | ||
| 999 |
_c34188 _d34188 |
||